Small mammals: (Record no. 162574)

MARC details
000 -LEADER
fixed length control field 00569nam a22002057a 4500
003 - CONTROL NUMBER IDENTIFIER
control field OSt
020 ## - INTERNATIONAL STANDARD BOOK NUMBER
International Standard Book Number 052120601
082 ## - DEWEY DECIMAL CLASSIFICATION NUMBER
Classification number 599.05
Item number GOL/SM
245 ## - TITLE STATEMENT
Title Small mammals:
Remainder of title their productivity and population dynamics
260 ## - PUBLICATION, DISTRIBUTION, ETC. (IMPRINT)
Place of publication, distribution, etc London
Name of publisher, distributor, etc Cambridge University Press
Date of publication, distribution, etc 1975
300 ## - PHYSICAL DESCRIPTION
Extent xxv, 451p.
440 ## - SERIES TITLE
Title International Biological Programme
Volume Number V.5
546 ## - LANGUAGE
Language note English
650 ## - SUBJECT ADDED ENTRY--TOPICAL TERM
Topical term or geographic name as entry element Mammal populations
650 ## - SUBJECT ADDED ENTRY--TOPICAL TERM
Topical term or geographic name as entry element Morpho - physiological characteristics
700 ## - ADDED ENTRY--PERSONAL NAME
Personal name Golley, F B
700 ## - ADDED ENTRY--PERSONAL NAME
Personal name Petrusewicz, K
700 ## - ADDED ENTRY--PERSONAL NAME
Personal name Ryszkowski
942 ## - ADDED ENTRY ELEMENTS (KOHA)
Source of classification or shelving scheme Dewey Decimal Classification
Koha item type Books (General)
Holdings
Lost status Source of classification or shelving scheme Damaged status Not for loan Collection code Home library Current library Shelving location Date acquired Total Checkouts Full call number Barcode Date last seen Koha item type Public note
  Dewey Decimal Classification     General KAU Central Library, Thrissur KAU Central Library, Thrissur General 13/11/2018   599.05 GOL/SM 906405 13/11/2018 Books (General) Book transferred from CoH Library, Acc.No: 6663
Kerala Agricultural University Central Library
Thrissur-(Dt.), Kerala Pin:- 680656, India
Ph : (+91)(487) 2372219
E-mail: librarian@kau.in
Website: http://library.kau.in/